Mémoires de Jacques de Saulx Comte de Tavannes (Record no. 166089)
[ view plain ]
| 000 -LEADER | |
|---|---|
| campo de control de longitud fija | 01009nam a22002535i 4500 |
| 001 - NÚMERO DE CONTROL | |
| campo de control | 166089 |
| 003 - IDENTIFICADOR DE NÚMERO DE CONTROL | |
| campo de control | ES-MaACL |
| 005 - FECHA Y HORA DE LA ÚLTIMA TRANSACCIÓN | |
| campo de control | 20250808072944.0 |
| 008 - DATOS DE LONGITUD FIJA--INFORMACIÓN GENERAL | |
| campo de control de longitud fija | 000210s1858 fr |||| | fre d |
| 040 ## - FUENTE DE CATALOGACIÓN | |
| Centro catalogador/agencia de origen | CCPB | B |
| Lengua de catalogación | spa |
| Centro/agencia transcriptor | CCPB | B |
| 100 1# - ENTRADA PRINCIPAL--NOMBRE DE PERSONA | |
| Nombre de persona | Tavannes, Jacques de Saulx |
| Títulos y otros términos asociados al nombre | Conde. |
| 9 (RLIN) | 133147 |
| 245 10 - MENCIÓN DEL TÍTULO | |
| Título | Mémoires de Jacques de Saulx Comte de Tavannes |
| Resto del título | : . Suivis de L'histoire de la guerre de Guyenne / |
| Mención de responsabilidad, etc. | par Balthazar. |
| 250 ## - MENCION DE EDICION | |
| Mención de edición | Nouvelle éd., rev. et annot. |
| 260 ## - PUBLICACIÓN, DISTRIBUCIÓN, ETC. | |
| Lugar de publicación, distribución, etc. | Paris : |
| Nombre del editor, distribuidor, etc. | P. Jannet, |
| Fecha de publicación, distribución, etc. | 1858 ( |
| Fabricante | imprimé par E. Thunot et C\pie\s) |
| 300 ## - DESCRIPCIÓN FÍSICA | |
| Extensión | XXXII, 132 [i.e. 432] p. ; |
| Dimensiones | 17 cm. |
| 490 1# - MENCIÓN DE SERIE | |
| Mención de serie | Bibliothèque Elzevirienne |
| 600 14 - PUNTO DE ACCESO ADICIONAL DE MATERIA--NOMBRE DE PERSONA | |
| Nombre de persona | Tavannes, Jacques de Saulx |
| Títulos y otros términos asociados al nombre | Conde- |
| Subdivisión general | Biografías. |
| 9 (RLIN) | 133148 |
| 651 #0 - PUNTO DE ACCESO ADICIONAL DE MATERIA--NOMBRE GEOGRÁFICO | |
| Nombre geográfico | Francia- |
| Subdivisión general | Historia- |
| Subdivisión cronológica | S.XVII |
| 9 (RLIN) | 234194 |
| 700 10 - ENTRADA AGREGADA--NOMBRE PERSONAL | |
| Nombre de persona | Baltazar. |
| Título de la obra | Histoire de la Guerre de Guyenne. |
| 9 (RLIN) | 125791 |
| 752 ## - ENTRADA AGREGADA--NOMBRE JERÁRQUICO DEL LUGAR | |
| País o entidad superior | Francia - |
| Ciudad | París |
| 830 0# - PUNTO DE ACCESO ADICIONAL DE SERIE-TÍTULO UNIFORME | |
| Título uniforme | Bibliothèque Elzevirienne |
| 9 (RLIN) | 180979 |
| 852 ## - LOCALIZACIÓN | |
| Ubicación | ES-MaACL |
| Número de control de estantería | G-2351 |
| Nota libre | -- Enc. tela |
| Estatus retirado | Estado de pérdida | Estado de daño | No para préstamo | Colección | Biblioteca de origen | Biblioteca actual | Ubicación en estantería | Fecha de adquisición | Fuente de adquisición | Total de préstamos | Signatura topográfica completa | Código de barras | Visto por última vez | Precio de reemplazo | Tipo de ítem Koha |
|---|---|---|---|---|---|---|---|---|---|---|---|---|---|---|---|
| Libros del s. XIX | Biblioteca del Ateneo de Madrid | Biblioteca del Ateneo de Madrid | Depósito 2 | 17/01/2008 | G-2351 | 1174183 | 23/02/2023 | 23/02/2023 | Libro impreso antiguo |
